000 006000000a22001210004500
100 1 _aJunca, Humberto
245 1 0 _aDel lugar común al propio : Guillermo Kuitca : Obras puntuales
300 _aVol.0, núm.12 (Septiembre, 2006), Página 21
500 _aArtista plástico y profesor de las universidades Jorge Tadeo Lozano y de los Andes.
520 _aEs uno de los grandes del arte contemporáneo latinoaméricano. Este 27 de septiembre, su obra, deslumbrante y personal, estará en el Museo de Arte del Banco de la República.
773 0 _tArcadia / Andrés Felipe Solano, Editor
942 _cANA
999 _c61827
_d61827